| 000 | 00000nam##2200000za#4500 |
| 001 | 9.662205 |
| 003 | CaOODSP |
| 005 | 20210615120431 |
| 007 | ta |
| 008 | 150407|2001||||xxc||||| f|0| 0 eng|d |
| 020 | |a0-662-65323-8 |
| 040 | |aCaOODSP|beng |
| 041 | |aeng |
| 041 | |afre |
| 043 | |an-cn--- |
| 086 | 1 |aSW21-60/2000 |
| 110 | 1 |aCanada. |bStatus of Women Canada. |
| 245 | 10|aDisability-related support arrangements, policy options and implications for women's equality / |cby the Roeher Institute. |
| 260 | |aOttawa - Ontario : |bStatus of Women Canada |c2001. |
| 300 | |aEnglish text, vii, 126p. ; |c28 cm. |
| 500 | |a"This report puts a particular conceptualization of equality, based on analysis of the lived experiences of women with a disability and the caregivers interviewed in the study, as well as current feminist and disability theory."--Introduction. |
| 546 | |aBilingual |
| 563 | |aSoftcover |
| 590 | |a01-08|b2001-02-23 |
| 690 | 07|aPersons with disabilities|2gcpds |
| 690 | 07|aSocial conditions|2gcpds |
| 690 | 07|aCaregivers|2gcpds |
| 690 | 07|aSocial services|2gcpds |
| 776 | 0#|tDisability-related support arrangements, policy options and implications for women's equality / |w(CaOODSP)9.688456 |
| 776 | 0#|tService d'appoint pour les personnes handicapées : |w(CaOODSP)9.632880 |
| 792 | |tService d'appoint pour les personnes handicapées : options stratégiques et incidences sur l'égalité des femmes / |efre|w(CaOODSP)9.662206 |